Clubs with the most appearances in the Premier League (since 1992-93) - Statistics

General Stats
  • This quiz has been taken 16 times
  • The average score is 20 of 20
Answer Stats
Part. Club City Currently in % Correct
34 Arsenal London Premier League
100%
31 Aston Villa Birmingham Premier League
100%
18 Blackburn Rovers Blackburn Championship
100%
13 Bolton Wanderers Bolton League One
100%
34 Chelsea London Premier League
100%
17 Crystal Palace London Premier League
100%
19 Fulham London Premier League
100%
16 Leeds United Leeds Premier League
100%
18 Leicester City Leicester Championship
100%
34 Liverpool Liverpool Premier League
100%
29 Manchester City Manchester Premier League
100%
34 Manchester United Manchester Premier League
100%
31 Newcastle United Newcastle upon Tyne Premier League
100%
25 Southampton Southampton Championship
100%
17 Sunderland Sunderland Premier League
100%
34 Tottenham Hotspur London Premier League
100%
13 West Bromwich Albion West Bromwich Championship
100%
34 Everton Liverpool Premier League
89%
15 Middlesbrough Middlesbrough Championship
89%
30 West Ham United London Premier League
78%
No matching quizzes found
Score Distribution
Percent of People with Each Score
Percentile by Number Answered
Your Score History
You have not taken this quiz